Nederlandse gemeenten die beginnen met een D - Statistieken

Algemene statistieken
  • Deze quiz is 76 keer genomen
  • De gemiddelde score is 14 van 23
Antwoordstatistieken
Nr. Antwoord % Correct
18 Dordrecht
80%
8 Den Haag
77%
15 Doesburg
77%
17 Dongen
77%
21 Dronten
77%
23 Duiven
77%
1 Dalfsen
70%
2 Dantumadiel
70%
9 Den Helder
70%
12 Diemen
70%
11 Deventer
67%
14 Dinkelland
67%
20 Drimmelen
67%
22 Druten
63%
7 Delft
60%
10 Deurne
60%
19 Drechterland
60%
3 De Bilt
57%
6 De Wolden
53%
4 De Fryske Marren
43%
5 De Ronde Venen
40%
13 Dijk en Waard
33%
16 Doetichem
30%
Geen overeenkomende quizzen gevonden
Scoreverdeling
Procent van Mensen met Elke Score
Percentiel versus Aantal Correcte Antwoorden
Uw Scoregeschiedenis
U heeft deze quiz nog niet genomen